000 00897nam a22002897a 4500
003 CHAP
005 20220329140407.0
008 971013s1993 r 00010 d
010 _a51348
011 _a52320
035 _a56470
040 _cCHAP
082 _a676
_bB5
100 0 0 _aBiermann, Christopher J.
_912654
245 _aEssentials of pulping and papermaking
260 _aSan Diego, Ca. :
_bAcademic Press,
_c1993
300 _a472 p.
_b: ilus.
590 _aBATCH-UPD
_b10
_c20130110
_lUCH01
_h0454
590 _aBATCH-UPD
_b10
_c20130410
_lUCH01
_h0131
590 _aBATCH-UPD
_b10
_c20130914
_lUCH01
_h0627
590 _aCONVERSION
_b10
_c20130109
_lUCH01
_h1328
650 1 4 _aPapel
_xFabricación y comercio.
_985372
650 1 4 _aPulpa de madera.
_993003
901 _aBK
942 _cLIBRO
949 _a676 B5
_bBC
_cLIBRO
_d33724000011136
_eLIBRO
_gI. 180357
_h89694
_i56470
_si
_t366.00
999 _c51348
_d51348